[Event "Mestre Cipressina op-B 4th"]
[Site "Mestre"]
[Date "2015.11.29"]
[Round "4"]
[White "Esposito, Alessandro"]
[Black "Tonon, Andrea"]
[Result "1-0"]
[WhiteElo "1143"]
[BlackElo "1419"]
[PlyCount "143"]
[EventDate "2015.11.27"]
[EventType "swiss"]
[EventRounds "5"]
[EventCountry "ITA"]
[SourceTitle "EXT 2022"]
[Source "ChessBase"]
[SourceDate "2021.10.06"]
[SourceVersion "1"]
[SourceVersionDate "2021.10.06"]
[SourceQuality "1"]

1. e4 c6 2. Nc3 e5 3. Bc4 Nf6 4. Qf3 Be7 5. d3 a5 6. a3 d6 7. h3 Bd7 8. g4 h6 9. g5 hxg5 10. Bxg5 Be6 11. Bxe6 fxe6 12. 0-0-0 Nbd7 13. Nge2 a4 14. d4 Qb6 15. d5 exd5 16. exd5 c5 17. Ng3 g6 18. h4 0-0-0 19. h5 gxh5 20. Nxh5 Rhf8 21. Qe2 Qa5 22. Ng7 Rg8 23. Ne6 Rde8 24. Rhg1 Nb6 25. Qf3 Nbd7 26. Qe2 b5 27. Qxb5 Qxb5 28. Nxb5 Nb6 29. Nbc7 Kd7 30. Nxe8 Rxe8 31. Bxf6 Bxf6 32. b3 Nxd5 33. Nxc5+ dxc5 34. Rxd5+ Kc6 35. Rgd1 Re6 36. bxa4 e4 37. c4 Bd4 38. Rd2 Re7 39. Kc2 Rb7 40. R5xd4 cxd4 41. Rxd4 Re7 42. a5 Kc5 43. Kc3 e3 44. fxe3 Rxe3+ 45. Rd3 Re7 46. Rd5+ Kc6 47. Rb5 Ra7 48. Kb4 Rh7 49. Rb6+ Kc7 50. Kb5 Rh5+ 51. c5 Rh3 52. Rc6+ Kb7 53. a6+ Ka7 54. Rc7+ Kb8 55. Rb7+ Ka8 56. a4 Rb3+ 57. Kc6 Ra3 58. Rb4 Ka7 59. Kb5 Rc3 60. c6 Rg3 61. Rc4 Rg5+ 62. Rc5 Rg6 63. c7 Rb6+ 64. Ka5 Rxa6+ 65. Kb5 Rb6+ 66. Kc4 Rb8 67. cxb8Q+ Kxb8 68. a5 Kb7 69. Kb5 Ka7 70. a6 Kb8 71. Kb6 Ka8 72. Rc8# 1-0